| Поле | Название | Значение |
| |
Тип записи |
a |
| |
Библиографический уровень |
a |
| 001 |
Контрольный номер |
UONB/MAIN/c638c7b049e84e7b819d7c0976e75a47 |
| 005 |
Дата корректировки |
20240526134835.7 |
| 100 |
Данные общей обработки |
__ |
| a |
Данные общей обработки |
20240526 ||| 0rusy0189 ca |
| 101 |
Язык документа |
0_ |
| a |
Язык текста |
rus |
| 102 |
Страна публикации |
__ |
| a |
Страна публикации |
RU |
| 200 |
Заглавие и сведения об ответственности |
1_ |
| a |
Заглавие |
Основные вехи истории завода |
| 203 |
Вид содержания и тип средства |
__ |
| a |
Вид содержания |
Текст |
| b |
Характеристика содержания |
визуальный |
| c |
Тип средства |
непосредственный |
| 215 |
Физическое описание |
__ |
| c |
Иллюстрации/тип воспроизводства |
ил., фот. |
| 225 |
Серия |
2_ |
| a |
Серия |
Панорама |
| 330 |
Аннотация |
__ |
| a |
Аннотация |
История и сегодняшний день завода "Силикат" в р. п. Новоспасское Ульяновской области. |
| 461 |
Уровень набора |
_0 |
| 1 |
|
2000 |
| a |
|
Сельская правда |
| 463 |
Уровень физической единицы |
_0 |
| 1 |
|
2000 |
| a |
|
№ 13 (10849) (27 марта) |
| v |
|
С. 6 |
| 1 |
|
2101 |
| d |
|
2024 |
| 1 |
|
001UONB/MAIN/f0b3887264094e72968d8d8a615f4024 |
| 600 |
Персоналии |
_1 |
| a |
Персоналии (Фамилия) |
Сазонов, Владимир Николаевич |
| 600 |
Персоналии |
_1 |
| a |
Персоналии (Фамилия) |
Сысоев, Евгений Васильевич |
| 600 |
Персоналии |
_1 |
| a |
Персоналии (Фамилия) |
Веденеев, Михаил Андреевич |
| 600 |
Персоналии |
_1 |
| a |
Персоналии (Фамилия) |
Тарасов, Николай Иванович |
| 600 |
Персоналии |
_1 |
| a |
Персоналии (Фамилия) |
Шмигирин, Александр Петрович |
| 600 |
Персоналии |
_1 |
| a |
Персоналии (Фамилия) |
Кириллов, Алексей Николаевич |
| 600 |
Персоналии |
_1 |
| a |
Персоналии (Фамилия) |
Каштанов, Михаил Петрович |
| 600 |
Персоналии |
_1 |
| a |
Персоналии (Фамилия) |
Сторожук, Виктор Артемьевич |
| 600 |
Персоналии |
_1 |
| a |
Персоналии (Фамилия) |
Сизов, Михаил Александрович |
| 600 |
Персоналии |
_1 |
| a |
Персоналии (Фамилия) |
Ховрин, Анатолий Николаевич |
| 600 |
Персоналии |
_1 |
| a |
Персоналии (Фамилия) |
Солдатов, Александр Иванович |
| 601 |
Наименование организации как предмет |
02 |
| a |
Наименование организации как предмет |
"Силикат", ООО (р. п. Новоспасское ; Ульяновская область) |
| 610 |
Ключевые слова |
0_ |
| a |
Ключевые слова |
история завода; руководители предприятий; юбилеи заводов |
| 686 |
Индексы других классификаций |
__ |
| a |
Классификационный индекс |
30.6 |
| 801 |
Источник записи |
_0 |
| a |
Страна |
RU |
| b |
Организация |
Ульяновская ОНБ |
| c |
Дата составления |
20240526 |
| g |
Правила каталогизации |
RCR |
| 801 |
Источник записи |
_1 |
| a |
Страна |
RU |
| b |
Организация |
Ульяновская ОНБ |
| c |
Дата составления |
20240526 |
| g |
Правила каталогизации |
RCR |
| 901 |
Тип документа |
__ |
| t |
Тип документа |
f |
| w |
Контрольный № источника |
UONB/MAIN/f0b3887264094e72968d8d8a615f4024 |
| 909 |
Создатель записи |
__ |
| b |
Дата создания записи |
20240526 |